Guess NFL players by picture Pt 1 - Statistics

General Stats
  • This quiz has been taken 668 times
  • The average score is 10 of 12
Answer Stats
Picture Answer % Correct
Peyton and Eli Manning
96%
Saquon Barkley
95%
Fred Warner
92%
Jerry Rice
90%
Mac Jones
90%
Derek Carr
89%
Jahmyr Gibbs
87%
Harrison Butker
85%
Tommy Devito
77%
Will Levis
70%
Daron Bland
64%
Skyy Moore
52%
No matching quizzes found
Score Distribution
Percent of People with Each Score
Percentile by Number Answered
Your Score History
You have not taken this quiz